00501nam a2200193 a 4500001001300000003000900013005001700022008004100039020001000080082001300090100001800103245005000121260004000171300000900211500003500220505001000255650002400265700001800289nice12345678IN_TiNIC20260116012629.0050524s1959 glaa grp 000 0 eng  ac10000a225bPHI aPhillips, J B aNew Testamernt in Modern English for Schools. aGlasgowbWilliam Collins Sonsc1959 a558p aincludes index and biblioraphy2 aIndex aBible-New Testament1 aPhillips, J B